Családi vállalkozások vezetési és utódlási kérdései

The efficient operation is influenced by many factors such as size of an enterprise, industry, internal structure of production, ownership structure. The history of family-owned firms shows that in order to maintain appropriate business succession activity the family management has to plan in advanc...

Teljes leírás

Elmentve itt :
Bibliográfiai részletek
Szerzők: Nagy Adrián Szilárd
Tobak Júlia
Dokumentumtípus: Cikk
Megjelent: Egyesület Közép-Európa Kutatására Szeged 2017
Sorozat:Taylor : gazdálkodás- és szervezéstudományi folyóirat 9 No. 2
Kulcsszavak:Vállalkozás - családi
Tárgyszavak:
Online Access:http://acta.bibl.u-szeged.hu/48138
LEADER 01944nab a2200241 i 4500
001 acta48138
005 20260107141818.0
008 170619s2017 hu o 000 hun d
022 |a 2064-4361 
040 |a SZTE Egyetemi Kiadványok Repozitórium  |b hun 
041 |a hun 
041 |a eng 
100 1 |a Nagy Adrián Szilárd 
245 1 0 |a Családi vállalkozások vezetési és utódlási kérdései  |h [elektronikus dokumentum] /  |c  Nagy Adrián Szilárd 
260 |a Egyesület Közép-Európa Kutatására  |b Szeged  |c 2017 
300 |a 188-196 
490 0 |a Taylor : gazdálkodás- és szervezéstudományi folyóirat  |v 9 No. 2 
520 3 |a The efficient operation is influenced by many factors such as size of an enterprise, industry, internal structure of production, ownership structure. The history of family-owned firms shows that in order to maintain appropriate business succession activity the family management has to plan in advance. Passing the baton to the next generation successfully is a complex and long-term family management role and it has strategic importance. To ensure business continuity the successor has to take over the business and operate it well. That is why the sharing knowledge, the innovation performance and the best practice are important parts of family company’s culture and they are consequently an important part in the „pass the baton” project within family-owned firms. The interest of family-owned businesses are the long-term preservation of value, development and growing. The purpose is to present the succession activity and the importanance of it. The study is mainly based on theoretical approach which aims to show the succession process. 
650 4 |a Társadalomtudományok 
650 4 |a Közgazdasági és gazdálkodástudományok 
695 |a Vállalkozás - családi 
700 0 1 |a Tobak Júlia  |e aut 
856 4 0 |u http://acta.bibl.u-szeged.hu/48138/1/vikek_028_188-196.pdf  |z Dokumentum-elérés